000 00520nam a22001937a 4500
003 KOHA_MİRAKIL
005 20251224155150.0
008 251224b tu ||||| |||| 00| 0 tur d
020 _a9786053202097
040 _aTR-AnABB
_btur
_cTR-AnABB
041 _atur
082 _a551.5
_bACK 2021
100 1 _aAckerman, Steven A.,
245 1 0 _aMeteoroloji /
_cSteven A. Ackerman
260 _aAnkara :
_bNobel Yayınları,
_c2021
300 _a569 sayfa ;
_c28 cm
650 0 4 _aMeteoroloji
942 _2ddc
_cBK
999 _c9955
_d9955
900 _bGizem YORULMAZ